MARC

LEADER 00000nam1a2200000 4500
001 203861
005 20231031185925.0
010 |a 5750704521 
020 |a RU  |b 91-36321 
035 |a (RuTPU)RU\TPU\book\222184 
090 |a 203861 
100 |a 20111112d1991 km y0rusy5003 ca 
101 0 |a rus 
200 1 |a Голод 1932/1933 гг.  |e Хлебозаготовки и голод 1932/1933 г. в Северо-Кавказском крае  |f Е. Н. Осколков  |g Ростовский государственный университет 
210 |a Ростов н/Д  |c Изд-во Рост. ун-та  |d 1991 
215 |a 91,[1] с. 
320 |a Библиогр. в примеч.: с. 85-91. 
610 1 |a аграрная политика 
610 1 |a репрессии 30-40-х и начала 50-х гг. 
610 1 |a хлебозаготовки 
610 1 |a голод 
610 1 |a история 
610 1 |a СССР 
610 1 |a Северный Кавказ 
675 |a 338.439(470.62/.67)(091)"1932/1933"  |z rus 
686 |a Т3(2)714  |2 rubbk 
686 |a Т3(2)716  |2 rubbk 
700 1 |a Осколков  |b Е. Н.  |g Евгений Николаевич  |4 070 
712 0 2 |a Ростовский государственный университет  |2 stltpush  |3 (RuTPU)RU\TPU\col\3289 
801 0 |a RU  |b RuMRKP  |c 19950417  |g psbo 
801 1 |a RU  |b 63413507  |c 20111112 
801 2 |a RU  |b 63413507  |c 20111205  |g RCR 
942 |c BK